Statistics for 10 Most Populated US Cities In US States Beginning with 'W'

Click here to take the quiz!

General Stats

  • This quiz has been taken 18 times
  • The average score is 7 of 10

Answer Stats

PopAnswer% Correct
733919Seattle
94%
269196Madison
88%
569330Milwaukee
88%
229071Spokane
88%
219025Tacoma
76%
107015Green Bay
71%
149440Bellevue
59%
192169Vancouver
47%
110812Everett
41%
134585Kent
29%

Score Distribution

Percentile by Number Answered

Percent of People with Each Score

Your Score History

You have not taken this quiz